| 000 | 00853nam a2200217 a 4500 | ||
|---|---|---|---|
| 001 | 000046063 | ||
| 005 | 20250924073804.0 | ||
| 008 | 150617s1989 dr a 000 0 spa d | ||
| 040 |
_aDO-SdBNP _bspa _cBNPHU |
||
| 082 |
_axxxx _bxxxx |
||
| 100 | 1 |
_aDíaz D., Belarminio _937712 |
|
| 245 | 1 | 0 |
_aComunicación lingüística básica : _bnociones teórico-prácticas de actualidad / _cBelarminio Díaz D. |
| 260 |
_aSanto Domingo : _bUniversitaria-UASD, _c1989. |
||
| 300 |
_a158 p. : _bil. ; _c20 cm. |
||
| 490 | 1 |
_aPublicaciones de la Universidad Autónoma de Santo Domingo _v615 |
|
| 490 | 1 |
_aLingüística y sociedad _v3 |
|
| 504 | _aBibliografía : p. 157-158 | ||
| 710 | 1 | 2 |
_aUniversidad Autónoma de Santo Domingo _972951 |
| 830 |
_aPublicaciones de la Universidad Autónoma de Santo Domingo _v615 _952 |
||
| 830 | 0 |
_aLingüística y sociedad. _v3 _974135 |
|
| 999 |
_c45552 _d45552 |
||